[Event "TUR Cup"]
[Site "Denizli"]
[Date "2023.07.21"]
[Round "8"]
[White "Bardak, Ismail Kayra"]
[Black "Akincioglu, Onur"]
[Result "1/2-1/2"]
[WhiteElo "1494"]
[BlackElo "1596"]
[PlyCount "147"]
[EventDate "2023.07.16"]
[EventType "team-tourn"]
[EventRounds "9"]
[EventCountry "TUR"]
[SourceTitle "CBM 215 Extra"]
[Source "ChessBase"]
[SourceDate "2023.09.30"]
[SourceVersion "1"]
[SourceVersionDate "2023.09.30"]
[SourceQuality "1"]

1. Nf3 d5 2. g3 c5 3. Bg2 Nc6 4. 0-0 Nf6 5. d3 e6 6. Nbd2 Be7 7. e4 Qc7 8. Re1 dxe4 9. dxe4 Bd7 10. a4 a6 11. Nc4 e5 12. c3 Rd8 13. Qc2 b5 14. axb5 axb5 15. Ne3 Bc8 16. Nf5 0-0 17. h3 h6 18. Be3 Bb7 19. Qc1 Ra8 20. Rxa8 Rxa8 21. Bxh6 g6 22. Nxe7+ Nxe7 23. Qg5 Nxe4 24. Qxe5 Qxe5 25. Nxe5 Nd6 26. Bxb7 Nxb7 27. Nd3 Nf5 28. Bf4 c4 29. Nb4 Nc5 30. Re5 Rc8 31. Kg2 f6 32. Rd5 Kf7 33. g4 Ne7 34. Rd2 g5 35. Bd6 Rd8 36. Bxe7 Rxd2 37. Bxc5 Rxb2 38. Nd5 Ke6 39. Ne3 Rb3 40. Bb4 Ke5 41. Kf3 Rb1 42. Nc2 Rh1 43. Kg2 Rd1 44. Na3 Rd5 45. Nc2 Ke4 46. Ne3 Rd7 47. Nf5 Kd3 48. Kf3 Rh7 49. Kg3 Rd7 50. f4 Ke4 51. Nd6+ Ke3 52. fxg5 fxg5 53. Nxb5 Kd3 54. Nd4 Rb7 55. Nc6 Rb6 56. Ne5+ Ke4 57. Nxc4 Rf6 58. Nd6+ Ke3 59. Nf5+ Kd3 60. Be7 Rg6 61. Bb4 Ke4 62. h4 gxh4+ 63. Nxh4 Rg8 64. Nf3 Rg6 65. Nd2+ Kd3 66. Nb3 Ke4 67. Nd4 Ke3 68. Nf5+ Ke4 69. Kh4 Kf3 70. Kh5 Rxg4 71. Nd4+ Kg3 72. Nf5+ Kf3 73. Nd4+ Kg3 74. Nf5+ 1/2-1/2

[Event "TUR Cup"]
[Site "Denizli"]
[Date "2023.07.16"]
[Round "1"]
[White "Genc, Ugur Can"]
[Black "Akincioglu, Onur"]
[Result "1/2-1/2"]
[WhiteElo "1578"]
[BlackElo "1596"]
[PlyCount "88"]
[EventDate "2023.07.16"]
[EventType "team-tourn"]
[EventRounds "9"]
[EventCountry "TUR"]
[SourceTitle "CBM 215 Extra"]
[Source "ChessBase"]
[SourceDate "2023.09.30"]
[SourceVersion "1"]
[SourceVersionDate "2023.09.30"]
[SourceQuality "1"]

1. e4 c5 2. Ne2 Nc6 3. Nbc3 Nf6 4. g3 d5 5. exd5 Nxd5 6. Bg2 Nxc3 7. Nxc3 g6 8. d3 Bg7 9. Be3 Nd4 10. Ne4 Nf5 11. Bxc5 Bxb2 12. 0-0 Bd4 13. Bxd4 Qxd4 14. c3 Qe5 15. d4 Qc7 16. Rb1 0-0 17. Qc1 Rb8 18. f4 b6 19. Qe1 Ba6 20. Rf3 Nd6 21. Re3 Nxe4 22. Bxe4 Bb7 23. Bxb7 Rxb7 24. h4 Qd7 25. Qe2 h5 26. Re1 Qh3 27. Qf3 Qd7 28. Re5 Rc7 29. R1e3 e6 30. g4 hxg4 31. Qxg4 Rfc8 32. Qg3 Qa4 33. d5 exd5 34. h5 Qd1+ 35. Re1 Qc2 36. hxg6 f6 37. Re8+ Rxe8 38. Rxe8+ Kg7 39. f5 Rxc3 40. Qe1 Rc7 41. Qh4 Qc1+ 42. Re1 Qg5+ 43. Qxg5 fxg5 44. Re6 d4 1/2-1/2